书目信息 |
| 题名: |
易学入门
|
|
| 作者: | 张延生 著 | |
| 分册: | ||
| 出版信息: | 北京 团结出版社 2004.10 |
|
| 页数: | 382页 | |
| 开本: | 20cm | |
| 丛书名: | ||
| 单 册: | ||
| 中图分类: | B221.5 | |
| 科图分类: | ||
| 主题词: | 先秦哲学 | |
| 电子资源: | ||
| ISBN: | 7-80130-716-X | |
| 000 | 00567nam0 2200217 45 | |
| 001 | 0929870562 | |
| 005 | 20091019081941.14 | |
| 010 | @a7-80130-716-X@dCNY23.80 | |
| 100 | @a20090515d2004 ekmy0 y0120 ea | |
| 102 | @aCN@b130000 | |
| 102 | @aCN@b110000 | |
| 105 | @ay z 000yy | |
| 200 | 1 | @a易学入门@f张延生著@Fzhang yan sheng zhu |
| 210 | @a北京@c团结出版社@d2004.10 | |
| 215 | @a382页@d20cm | |
| 606 | 0 | @a先秦哲学 |
| 690 | @aB221.5@v4 | |
| 701 | 0 | @a张延生@Azhang yan sheng@4著 |
| 801 | 0 | @aCN@c20091019 |
| 905 | @a10447@dB221.5@eZ220 | |
| 906 | @d24@n3@r1 | |
| 易学入门/张延生著.-北京:团结出版社,2004.10 |
| 382页;20cm |
| ISBN 7-80130-716-X:CNY23.80 |
| ● |
| 相关链接 |
|
|
|
正题名:易学入门
索取号:B221.5/Z220
 
预约/预借
| 序号 | 登录号 | 条形码 | 馆藏地/架位号 | 状态 | 备注 |
| 1 | 658764 | 206587647 | 社科库509/509社科库 9排4列2层/ [索取号:B221.5/Z220] |
已借出,限还日期为2025.12.21 借出人:孟聚才 |
|
| 2 | 658765 | 206587656 | 社科库509/ [索取号:B221.5/Z220] | 在馆 | |
| 3 | 658766 | 206587665 | 社科库509/ [索取号:B221.5/Z220] | 在馆 |